Southville International School and Colleges
Your cart is empty.
  • Cart
  • Lists
    Public lists Eva Luna New books Lux_list list_1
    Your lists Log in to create your own lists
  • Log in to your account
  • Your cookies
  • Search history
Southville International School and Colleges
  • Advanced search
  • Recent comments
  • Most popular
  • Libraries

Log in to your account

Log in with GOOGLE


If you do not have an external account, but do have a local account, you can still log in:

  1. Home
  2. MARC view: Ordinary differential equations with applications /
Normal view MARC view ISBD view

Ordinary differential equations with applications / (Record no. 366723)

[ view plain ]
MARC details
000 -LEADER
fixed length control field 00618nam a22001937a 4500
003 - CONTROL NUMBER IDENTIFIER
control field 0
005 - DATE AND TIME OF LATEST TRANSACTION
control field 20241114153144.0
008 - FIXED-LENGTH DATA ELEMENTS--GENERAL INFORMATION
fixed length control field 241114b xxu||||| |||| 00| 0 eng d
020 ## - INTERNATIONAL STANDARD BOOK NUMBER
International Standard Book Number 9789811250743
050 ## - LIBRARY OF CONGRESS CALL NUMBER
Classification number H 85
Item number .H78 2022
100 ## - MAIN ENTRY--PERSONAL NAME
Personal name Hsu, Sze-Bi,
Relator term author.
245 ## - TITLE STATEMENT
Title Ordinary differential equations with applications /
Statement of responsibility, etc Sze-Bi Hsu, Kuo-Chang Chen.
250 ## - EDITION STATEMENT
Edition statement 3rd ed.
260 ## - PUBLICATION, DISTRIBUTION, ETC. (IMPRINT)
Place of publication, distribution, etc Singapore :
Name of publisher, distributor, etc World Scientific Publishing Co. Pte. Ltd.,
Date of publication, distribution, etc c2022.
300 ## - PHYSICAL DESCRIPTION
Extent xv, 361 p. ;
Dimensions 24 cm.
504 ## - BIBLIOGRAPHY, ETC. NOTE
Bibliography, etc Includes bibliographical references and index.
650 ## - SUBJECT ADDED ENTRY--TOPICAL TERM
Topical term or geographic name as entry element Differential equations.
942 ## - ADDED ENTRY ELEMENTS (KOHA)
Source of classification or shelving scheme Library of Congress Classification
Koha item type Books
Holdings
Withdrawn status Lost status Source of classification or shelving scheme Damaged status Home library Current library Shelving location Date acquired Source of acquisition Sub Shelving location Total Checkouts Full call number Barcode Date last seen Price effective from Koha item type
    Library of Congress Classification   College Library College Library Reserve Section 11/14/2024 Library Fund     H 85 .H78 2022 C23965 11/14/2024 11/14/2024 Books

Ordinary differential equations with applications /

APA

Hsu S., . (2022). Ordinary differential equations with applications. Singapore: World Scientific Publishing Co. Pte. Ltd.

Chicago

Hsu Sze-Bi, . 2022. Ordinary differential equations with applications. Singapore: World Scientific Publishing Co. Pte. Ltd.

Harvard

Hsu S., . (2022). Ordinary differential equations with applications. Singapore: World Scientific Publishing Co. Pte. Ltd.

MLA

Hsu Sze-Bi, . Ordinary differential equations with applications. Singapore: World Scientific Publishing Co. Pte. Ltd. 2022.

  • Place hold
  • Print
  • Cite
  • Add to your cart (remove)
  • Save record
    BIBTEX Dublin Core MARCXML MARC (non-Unicode/MARC-8) MARC (Unicode/UTF-8) MARC (Unicode/UTF-8, Standard) MODS (XML) RIS
  • More searches
    Search for this title in:
    Other Libraries (WorldCat) Other Databases (Google Scholar) Online Stores (Bookfinder.com) Open Library (openlibrary.org)

Exporting to Dublin Core...

SOUTHVILLE LIBRARY

Southville International School and Colleges Library

1281 Tropical Ave. Cor. Luxembourg St., BF Homes International, Las Pinas City

Tel. No. 8256374 / 252358 Loc. 117/146

Powered by Koha